00523njm a22002297a 4500001000800000005001700008007001400025008004100039010001700080028001900097040001300116041000800129080001400137082001400151100000600165101000800171245001300179511002700192906004500219942001200264999001700276569335320180109073616.0sdubsmennmplu931025s1972 nyuuun eng  a 93728343 00aKE 32146bEpic aDLCcDLC aeng a574 MAR 2574 MAR a9 aMJE00aBearfoot0 aPerformed by Bearfoot. a7bcbccorignewd5encipf19gy-genmusic 2ddccBK c39915d39915